An introduction to the mathematics of map projections/ (Record no. 8603)
[ view plain ]
| 000 -LEADER | |
|---|---|
| fixed length control field | 00852cam a2200289 4500 |
| 001 - CONTROL NUMBER | |
| control field | 8603 |
| 003 - CONTROL NUMBER IDENTIFIER | |
| rucl marc code | BD-RjUL |
| 005 - DATE AND TIME OF LATEST TRANSACTION | |
| control field | 20211208234622.0 |
| 008 - FIXED-LENGTH DATA ELEMENTS--GENERAL INFORMATION | |
| fixed length control field | 750418s1931 enka 001 0 eng d |
| 035 ## - SYSTEM CONTROL NUMBER | |
| System control number | (OCoLC)ocm01285422 |
| System control number | (BD-RjUL)8648 |
| 040 ## - CATALOGING SOURCE | |
| Original cataloging agency | DLC |
| Transcribing agency | GAT |
| Modifying agency | SER |
| -- | BD-RjUL |
| Language of cataloging | eng |
| 041 ## - LANGUAGE CODE | |
| Language code of text/sound track or separate title | eng |
| 082 ## - DEWEY DECIMAL CLASSIFICATION NUMBER | |
| Classification number | 526.8 |
| Author mark and year | MEI 1931 |
| 099 ## - LOCAL FREE-TEXT CALL NUMBER (OCLC) | |
| Bangla Class number | 526.8 |
| -- | M48 |
| 100 1# - MAIN ENTRY--PERSONAL NAME | |
| Personal name | Melluish, Robert Keith. |
| 9 (RLIN) | 26807 |
| 245 03 - TITLE STATEMENT | |
| Title | An introduction to the mathematics of map projections/ |
| Statement of responsibility, etc. | by R.K. Melluish ... |
| 260 ## - PUBLICATION, DISTRIBUTION, ETC. (IMPRINT) | |
| Place of publication, distribution, etc. | Cambridge |
| Name of publisher, distributor, etc. | The University Press, |
| Date of publication, distribution, etc. | 1931. |
| 300 ## - PHYSICAL DESCRIPTION | |
| Pagination | viii, 144p.: |
| Size | 22 cm. |
| 504 ## - BIBLIOGRAPHY, ETC. NOTE | |
| Bibliography, etc | Bibliography: p. viii. |
| 650 #0 - SUBJECT ADDED ENTRY--TOPICAL TERM | |
| Topical term or geographic name as entry element | Map projection. |
| 9 (RLIN) | 25554 |
| Topical term or geographic name as entry element | Surfaces, Representation of. |
| 9 (RLIN) | 20299 |
| 942 ## - ADDED ENTRY ELEMENTS (KOHA) | |
| Source of classification or shelving scheme | Dewey Decimal Classification |
| Koha item type | Books |
| Lost status | Source of classification or shelving scheme | Damaged status | Not for loan | Collection code | Permanent Location | Current Location | Shelving location | Date acquired | Source of acquisition | Cost, normal purchase price | Total Checkouts | Full call number | Date last seen | Copy number | Koha item type |
|---|---|---|---|---|---|---|---|---|---|---|---|---|---|---|---|
| Dewey Decimal Classification | Not For Loan | Non-fiction | Central Library, University of Rajshahi | Central Library, University of Rajshahi | 16/11/1957 | A.b.c | 10.20 | 526.8 MEI 1931 | 19/01/2014 | C-1 | Books |